Mortal Kombat XI - Les combattants - Statistiques

Statistiques générales
  • Ce quiz a été pris 275 fois
  • Le résultat moyen est 24 sur 37
Statistiques - réponses
% Correct
Scorpion
95%
Sub-Zero
94%
Johnny Cage
84%
Kitana
83%
Liu Kang
83%
Kung Lao
80%
Cassandra Cage
79%
Raiden
78%
Shao Kahn
78%
Sonya Blade
78%
Jackson Briggs
77%
Mileena
73%
Jade
72%
Kotal Kahn
68%
Kano
67%
Baraka
66%
Jacqueline Briggs
66%
Noob Saibot
66%
Shang Tsung
64%
Joker
62%
Sindel
62%
Terminator
60%
Erron Black
56%
Frost
56%
John Rambo
56%
D'Vorah
55%
Skarlet
55%
Rain
54%
Geras
52%
RoboCop
52%
Fujin
51%
Kabal
51%
Spawn
49%
Cetrion
47%
Kollector
47%
Nightwolf
46%
Sheeva
43%
Aucun quiz correspondant
Distribution des résultats
% des personnes avec chaque résultat
Percentile par nombre de réponses
Votre historique - résultats
Vous n’avez pas pris ce quiz